NFL DPOY Award Winners - Statistics

General Stats
  • This quiz has been taken 269 times
  • The average score is 20 of 48
Answer Stats
Answer % Correct
2018 Aaron Donald Rams
99%
2017 Aaron Donald Rams
99%
2015 JJ Watt Texans
94%
2014 JJ Watt Texans
94%
2012 JJ Watt Texans
94%
2003 Ray Lewis Ravens
84%
2000 Ray Lewis Ravens
84%
2016 Khalil Mack Raiders
79%
2004 Ed Reed Ravens
71%
1986 Lawrence Taylor Giants
71%
1982 Lawrence Taylor Giants
71%
1981 Lawrence Taylor Giants
71%
2006 Jason Taylor Dolphins
68%
2011 Terrell Suggs Ravens
51%
1998 Reggie White Packers
50%
1987 Reggie White Eagles
50%
1996 Bruce Smith Bills
49%
1990 Bruce Smith Bills
49%
1974 Joe Greene Steelers
48%
1972 Joe Greene Steelers
48%
2009 Charles Woodson Packers
46%
1994 Deion Sanders 49ers
46%
1993 Rod Woodson Steelers
46%
2007 Bob Sanders Colts
43%
2013 Luke Keuchly Panthers
41%
2008 James Harrsion Steelers
40%
2001 Michael Strahan Giants
40%
2005 Brian Urlacher Bears
39%
1999 Warren Sapp Bucs
36%
2002 Derrick Brooks Bucs
30%
1988 Mike Singletary Bears
29%
1985 Mike Singletary Bears
29%
1971 Alan Page Vikings
27%
1976 Jack Lambert Steelers
24%
1975 Mel Blount Steelers
14%
2010 Tory Polumalu Steelers
13%
1979 Lee Roy Selmon Bucs
11%
1992 Cortez Kennedy Seahawks
8%
1977 Harvey Martin Cowboys
8%
1980 Lester Hayes Raiders
6%
1995 Bryce Paup Bills
4%
1997 Dana Stubblefield 49ers
4%
1984 Kenny Easley Seahawks
4%
1973 Dick Anderson Dolphins
2%
1991 Pat Swilling Saints
2%
1983 Doug Betters Dolphins
1%
1989 Keith Milliard Vikings
0%
1978 Randy Gradshiar Broncos
0%
No matching quizzes found
Score Distribution
Percent of People with Each Score
Percentile by Number Answered
Your Score History
You have not taken this quiz